UM Logo

Unions in a changing world : (Record no. 6942)

MARC details
000 -LEADER
fixed length control field 01683nam a2200193 4500
008 - FIXED-LENGTH DATA ELEMENTS--GENERAL INFORMATION
fixed length control field 170617b xxu||||| |||| 00| 0 eng d
020 ## - INTERNATIONAL STANDARD BOOK NUMBER
International Standard Book Number 92-2-109504-5
082 ## - DEWEY DECIMAL CLASSIFICATION NUMBER
Edition number 1996
Classification number DC 331.88
Item number Ol6u
100 ## - MAIN ENTRY--PERSONAL NAME
9 (RLIN) 21014
Personal name Olney, Shauna L
245 ## - TITLE STATEMENT
Title Unions in a changing world :
Remainder of title problems and prospects in selected industrialized countries /
Statement of responsibility, etc. Shauna L. Olney.
260 ## - PUBLICATION, DISTRIBUTION, ETC. (IMPRINT)
Place of publication, distribution, etc. Geneva, Switzerland :
Name of publisher, distributor, etc. International Labour Office,
Date of publication, distribution, etc. 1996.
300 ## - PHYSICAL DESCRIPTION
Extent xii, 99 pages ;
Dimensions 24 cm
500 ## - GENERAL NOTE
General note Includes bibliographical references.
505 ## - FORMATTED CONTENTS NOTE
Formatted contents note Increasing diversity of the workforce -- The shift from manufacturing to the service sector -- The shift in workers' skill levels -- The public and private sectors -- Greater participation of women in the workforce -- The increase in peripheral workers -- Targeting specific ethnic groups -- Changing patterns of youth employment -- External concerns confronting trade unions -- Legislation and employers' attitudes -- Technological change -- Training -- Productivity, competition and internationalization -- Human resources management -- Broader societal concerns -- The expansion of unions' and workers' influence -- National level -- Enterprise level -- Unions' internal structures and strategies -- Improving efficiency -- Cooperation with other groups -- Research and extended services -- The training of union officials -- Improving relations with members and the public
650 #0 - SUBJECT ADDED ENTRY--TOPICAL TERM
9 (RLIN) 21015
Topical term or geographic name as entry element Labor unions -- Developed countries -- Case studies
650 #0 - SUBJECT ADDED ENTRY--TOPICAL TERM
9 (RLIN) 21016
Topical term or geographic name as entry element Labor unions -- Developed countries -- Management -- Case studies
650 #0 - SUBJECT ADDED ENTRY--TOPICAL TERM
9 (RLIN) 21017
Topical term or geographic name as entry element Employees -- Effect of technological innovations on -- Case studies
942 ## - ADDED ENTRY ELEMENTS (KOHA)
Source of classification or shelving scheme Dewey Decimal Classification
Koha item type Circulation
Holdings
Withdrawn status Lost status Source of classification or shelving scheme Damaged status Not for loan Collection code Home library Current library Date acquired Source of acquisition Total Checkouts Full call number Barcode Date last seen Copy number Price effective from Koha item type
    Dewey Decimal Classification     Circulation UM Digos College - LIC UM Digos College - LIC 01/23/2007 PLMP   DC 331.88 Ol6u 1996 18903 05/15/2025 1 06/17/2017 Circulation